NFL QB Interception Leaders - Statistics

General Stats
  • This quiz has been taken 74 times
    62 since last reset
  • The average score is 36 of 61
Answer Stats
Year Team INTs Player % Correct
2013 NYG 27 Eli Manning
98%
2010 NYG 25 Eli Manning
98%
2007 NYG 20 Eli Manning
98%
1998 IND 28 Peyton Manning
98%
2018 PIT 16 Ben Roethlisberger
96%
2006 PIT 23 Ben Roethlisberger
96%
2008 NYJ 22 Brett Favre
96%
2005 GNB 29 Brett Favre
96%
1993 GNB 24 Brett Favre
96%
2019 TAM 30 Jameis Winston
94%
2020 PHI 15 Carson Wentz
91%
2012 NOR 19 Drew Brees
91%
2016 SDG 21 Philip Rivers
91%
2014 SDG 18 Philip Rivers
91%
2012 DAL 19 Tony Romo
87%
2014 CHI 18 Jay Cutler
85%
2009 CHI 26 Jay Cutler
85%
2015 JAX 18 Blake Bortles
81%
1989 MIA 22 Dan Marino
81%
2020 DEN 15 Drew Lock
79%
1991 HOU 21 Warren Moon
79%
1986 HOU 26 Warren Moon
79%
1992 BUF 19 Jim Kelly
77%
2002 MIN 23 Daunte Culpepper
72%
1970 PIT 24 Terry Bradshaw
72%
2007 CIN 20 Carson Palmer
68%
1994 NWE 27 Drew Bledsoe
66%
1975 NYJ 28 Joe Namath
64%
1974 NYJ 22 Joe Namath
64%
1990 CIN 22 Boomer Esiason
55%
1978 MIN 32 Fran Tarkenton
55%
2004 DAL 20 Vinny Testaverde
55%
2000 NYJ 25 Vinny Testaverde
55%
1989 TAM 22 Vinny Testaverde
55%
1988 TAM 35 Vinny Testaverde
55%
2017 CLE 22 DeShone Kizer
51%
2011 BUF 23 Ryan Fitzpatrick
51%
2001 KAN 24 Trent Green
47%
2007 DET 20 Jon Kitna
45%
2004 DEN 20 Jake Plummer
43%
1999 ARI 24 Jake Plummer
43%
1981 CLE 25 Brian Sipe
40%
1979 CLE 26 Brian Sipe
40%
2003 STL 22 Marc Bulger
40%
1995 ARI 21 Dave Krieg
38%
1984 SEA 24 Dave Krieg
38%
1972 SDG 26 John Hadl
32%
2004 OAK 20 Kerry Collins
32%
1997 CAR 21 Kerry Collins
32%
1976 SEA 27 Jim Zorn
30%
2003 DET 22 Joey Harrington
30%
1983 GNB 29 Lynn Dickey
30%
1985 MIN 26 Tommy Kramer
23%
1982 BUF 16 Joe Ferguson
21%
1977 BUF 24 Joe Ferguson
21%
1974 NWE 22 Jim Plunkett
17%
1980 NYJ 30 Richard Todd
17%
1996 ATL 25 Bobby Hebert
11%
1973 NYG 22 Norm Snead
9%
1987 DET 20 Chuck Long
6%
1971 BUF 26 Dennis Shaw
2%
No matching quizzes found
Score Distribution
Percent of People with Each Score
Percentile by Number Answered
Your Score History
You have not taken this quiz since the last reset